| 000 | 00513 a2200217 4500 | ||
|---|---|---|---|
| 001 | 75307 | ||
| 020 | _a9788526006201 | ||
| 041 | _apor | ||
| 090 | _aYear 3 028 | ||
| 100 | _aMello, Roger. | ||
| 250 | _a6. Ed. | ||
| 490 | _aSó imagem | ||
| 697 | _aLeitura de Imagem. | ||
| 697 | _aLeitura infantojuvenil. | ||
| 830 | _aSó imagem | ||
| 856 | _u00001b/00001bfa.jpg | ||
| 040 |
_aBR-BrIDEA _cBR-BrIDEA |
||
| 245 | 1 | 0 |
_aA flor do lado de lá _c Roger Mello |
| 260 |
_a[S.l.] _bGlobal _c2004 |
||
| 942 | _cBK | ||
| 999 |
_c75307 _d75307 |
||